banner koha

Avaliação de técnicas de classificação de imagens landsat na detecção de alterações do uso e cobertura das terras do município de Campinas-SP (Registro n. 297187)

MARC details
000 -LÍDER
campo de controle de tamanho fixo 01163nac a22003377a 4500
001 - NÚMERO DE CONTROLE
campo de controle BR2010002225
003 - IDENTIFICADOR DO NÚMERO DE CONTROLE
campo de controle BR-BrBNA
005 - DATA E HORÁRIO DA ÚLTIMA TRANSAÇÃO
campo de controle 20240105123831.0
008 - CAMPO DE DADOS FIXOS--INFORMAÇÃO GERAL
campo de controle de tamanho fixo 230509b bl.|||m| |||| 00| 0 por d
040 ## - FONTE DA CATALOGAÇÃO
Instituição da catalogação original BR-BrBNA
Idioma da catalogação por
Instituição que transcreveu o registro Biblioteca Nacional de Agricultura
072 ## - CÓDIGO DE CATEGORIA DE ASSUNTO
Código de Categoria de Assunto U40; E11; P01
090 ## - NÚMERO DE CHAMADA LOCAL
Número de chamada U40 BR2010002225
100 1# - ENTRADA PRINCIPAL--NOME PESSOAL
Nome pessoal Weel, S.
100 1# - ENTRADA PRINCIPAL--NOME PESSOAL
Nome pessoal Valladares, G.S.
100 1# - ENTRADA PRINCIPAL--NOME PESSOAL
Nome pessoal Quartaroli, C.F.
100 1# - ENTRADA PRINCIPAL--NOME PESSOAL
Nome pessoal Hott, M.C.
110 1# - ENTRADA PRINCIPAL--NOME CORPORATIVO
Nome corporativo ou nome da jurisdição EMBRAPA Monitoramento por Satélite, Campinas, SP (Brasil)
245 1# - TÍTULO
Título Avaliação de técnicas de classificação de imagens landsat na detecção de alterações do uso e cobertura das terras do município de Campinas-SP
260 3# - PUBLICAÇÃO, DISTRIBUIÇÃO, ETC.
Local de publicação, distribuição, etc. Campinas, SP (Brasil):
Data da publicação, distribuição, etc. 2006.
300 ## - DESCRIÇÃO FÍSICA
Extensão 28 p.
490 ## - TÍTULO DA SÉRIE
Título da série Boletim de Pesquisa e Desenvolvimento - EMBRAPA Monitoramento por Satélite (Brazil)
Número do volume ou designação sequencial da série no. 5
ISSN - International Standard Serial Number ISSN 1806-3322
500 ## - NOTA GERAL
Nota geral 6 illus.; 37 ref.
650 ## - ASSUNTO--TERMO TÓPICO
Cabeçalho tópico ou nome geográfico USO DA TERRA
650 ## - ASSUNTO--TERMO TÓPICO
Cabeçalho tópico ou nome geográfico VEGETAÇÃO
650 ## - ASSUNTO--TERMO TÓPICO
Cabeçalho tópico ou nome geográfico SENSORIAMENTO REMOTO
650 ## - ASSUNTO--TERMO TÓPICO
Cabeçalho tópico ou nome geográfico SATÉLITE
650 ## - ASSUNTO--TERMO TÓPICO
Cabeçalho tópico ou nome geográfico RECURSO DA TERRA
650 ## - ASSUNTO--TERMO TÓPICO
Cabeçalho tópico ou nome geográfico ECOSSISTEMA
909 ## -
-- 202312
-- Lúcia Elande
-- 55
-- Lúcia Elande
942 ## - ELEMENTOS DE ENTRADA ADICIONADOS (KOHA)
Fonte da classificação ou esquema de arquivamento na estante Classificação AGRIS
Ocultar no OPAC Não
Tipo de material Koha Monografia Seriada
Exemplares
Situação do descarte Fonte da classificação ou esquema de arquivamento na estante Situação física Não pode ser emprestado Coleção Biblioteca de origem Biblioteca atual Localização na estante Total de empréstimos Número de telefone completo Código de barras Data de último acesso Tipo de material Koha Fonte de aquisição
  Classificação AGRIS       Biblioteca Nacional de Agricultura - Binagri Biblioteca Nacional de Agricultura - Binagri Agrobase - Acervo Geral   U40 BR2010002225 U40 BR2010002225 18/12/2023 Monografia Seriada Portaria Interministerial nº 164/94

BINAGRI

Telefone: (61)3218-2567/2388/3357/2097 - binagri@agro.gov.br

Ministério da Agricultura e Pecuária , Esplanada dos Ministérios, Bloco D, Anexo B, Brasília/DF, CEP: 70.043-900